| 000 | 00567nam a2200181Ia 4500 | ||
|---|---|---|---|
| 999 |
_c21163 _d21163 |
||
| 003 | OSt | ||
| 005 | 20200701144642.0 | ||
| 008 | 190216s9999||||xx |||||||||||||| ||und|| | ||
| 020 | _a9788187358237 | ||
| 040 | _coclc | ||
| 082 |
_a901 _bDUB/U |
||
| 100 |
_aDube, Saurabh _93129 |
||
| 245 | 0 |
_aUnbecoming Modern : _bColonialism, Modernity, Colonial Modernities / _cSaurabh Dube ; Ishita Banerjee Dube |
|
| 260 |
_bSocial Science Press, _aNew Delhi: _c2006. |
||
| 300 | _a257p | ||
| 650 | _aHistory | ||
| 942 |
_cBK _2ddc _h901 _iDUB/U _k901 _mDUB/U |
||